Perang Khandaq

Bibliographic Details
Other Authors: Amir Hamzah Shamsuddin
Format: Book
Published: Kuala Lumpur : Penerbitan Kintan , 1992
Series:Medan Sabilullah
Subjects:

MARC

LEADER 00000cam a2200000 7i4500
001 0000003936
002 000004237
005 20021008.0
020 |a 9839012665 
090 0 0 |a 297   |b PER 
245 1 0 |a Perang Khandaq   |c susunan Amir Hamzah Shamsuddin 
260 |a Kuala Lumpur :   |b Penerbitan Kintan ,   |c 1992 
300 |a 74p. :   |b ill ;   |c 18cm. 
490 0 |a Medan Sabilullah 
650 0 0 |a Holy war (islam) 
700 0 |a Amir Hamzah Shamsuddin 
999 |a 037064   |b BUKU   |c PINJAMAN   |e PERPUSTAKAAN KOMUNITI PETALING JAYA